Ochrana investorov

Zabezpečenie dostatočnej ochrany investorov. Najprepracovanejší model je vo Veľkej Británii. Organizácia kapitálového trhu, štátny dozor a deľba kompetencií vo V. Británii. Výbor pre cenné papiere a investičné podnikanie (Securities and Investment Board).

Salvato in:
Dettagli Bibliografici
Autore principale: Kopál, Róbert
Natura: Capitolo di libro
Lingua:slovacco
Soggetti:
Tags: Aggiungi Tag
Nessun Tag, puoi essere il primo ad aggiungerne!!

MARC

LEADER 00000naa a2200000 4500
001 r034875
005 20041019155602.5
041 0 |a slo 
044 |a SK 
245 1 0 |a Ochrana investorov  |c Róbert Kopál 
520 |a Zabezpečenie dostatočnej ochrany investorov. Najprepracovanejší model je vo Veľkej Británii. Organizácia kapitálového trhu, štátny dozor a deľba kompetencií vo V. Británii. Výbor pre cenné papiere a investičné podnikanie (Securities and Investment Board). 
610 2 0 |a investori 
610 2 0 |a ochrana investícií 
610 2 0 |a Veľká Británia 
610 2 0 |a Slovensko 
610 2 0 |a podnikanie 
610 2 0 |a investície 
610 2 0 |a papiere cenné 
610 2 0 |a trh kapitálový 
610 2 0 |a dozor štátny 
100 1 |a Kopál, Róbert